000 01645cam a22003494i 4500
001 17374589
003 OSt
005 20260123123741.0
008 120705s2014 caua b 001 0 eng
010 _a 2012943667
020 _a9781111834524
035 _a17374589
040 _beng
_cFoundation University
_erda
042 _apcc
050 0 0 _aBF 721
_b.2014 S53
100 1 _aShaffer, David R.
_q(David Reed),
_d1946-
_914377
245 1 0 _aDevelopmental psychology :
_bchildhood and adolescence /
_cDavid Shaffer, University of Georgia, Katherine Kipp, University of North Georgia.
250 _a9th edition.
264 1 _aBelmont, CA, USA :
_bWadsworth Cengage Learning,
_c[2014]
_42014.
300 _axxvii, 600 pages :
_bcolor illustrations ;
_c29 cm
_3resource
_fvolume
336 _atext
_btxt
_2rdacontent
337 _aunmediated
_bn
_2rdamedia
338 _avolume
_bnc
_2rdacarrier
_3resource
500 _a"This textbook includes access to a specialized InfoTrac collection of journal articles and reference materials uniquely matched to accompany this book. Visit http://go.cengage.com/infotrac to learn more"--Cover page 4.
504 _aIncludes bibliographical references (pages R-1-R-42) and index.
650 0 _aChild psychology
_vTextbooks.
_914378
650 0 _aAdolescent psychology
_vTextbooks.
_914379
658 _aPsychology, Bachelor of Science in.
700 1 _aKipp, Katherine.
_914380
_eauthor
856 _uhttps://drive.google.com/file/d/1BKQhxbxHpQoMHDLm24D4W6XfQsYiffCn/view?usp=sharing
_yClick here to view the table of content
942 _2lcc
_cBK
_e9th edition.
_hBF 721
_i.2014 S53
_k(CAS-Psy.)
999 _c5474
_d5474